[Event "Roux CREC op"]
[Site "Roux"]
[Date "2009.07.27"]
[Round "4"]
[White "Fomichenko, Svetlana"]
[Black "Hoffmann, Roger"]
[Result "1-0"]
[WhiteElo "2245"]
[BlackElo "2004"]
[PlyCount "79"]
[EventDate "2009.07.25"]
[EventType "swiss"]
[EventRounds "9"]
[EventCountry "BEL"]
[SourceTitle "EXT 2010"]
[Source "ChessBase"]
[SourceDate "2010.11.25"]
[SourceVersion "1"]
[SourceVersionDate "2010.11.25"]
[SourceQuality "1"]

1. e4 Nf6 2. e5 Nd5 3. d4 d6 4. Nf3 dxe5 5. Nxe5 c6 6. c4 Nf6 7. Bd3 g6 8. 0-0 Bg7 9. Nc3 0-0 10. Be3 Nbd7 11. h3 Ne8 12. f4 Nd6 13. Qb3 Nf6 14. Rad1 Qc7 15. d5 cxd5 16. cxd5 Nd7 17. Nxd7 Bxd7 18. Rc1 Qa5 19. Rfe1 Bf5 20. Bxf5 Nxf5 21. Bf2 Qa6 22. Ne4 Nd4 23. Qd1 Nf5 24. g4 Nd6 25. Qb3 Rfe8 26. a3 Nxe4 27. Rxe4 b6 28. Rc7 Bf8 29. d6 e6 30. d7 Red8 31. Bh4 Bc5+ 32. Kg2 Qa5 33. Qc3 Qb5 34. Bxd8 Rxd8 35. b4 Bd6 36. Rxa7 Kf8 37. a4 Qd5 38. Qd4 Qa2+ 39. Kg3 Qb3+ 40. Re3 1-0

[Event "EU-chT Railways USIC"]
[Site "Dresden"]
[Date "2000.06.23"]
[Round "6.6"]
[White "Hoffmann, Roger"]
[Black "Bonardi, Giuseppe"]
[Result "1-0"]
[WhiteElo "1520"]
[BlackElo "1555"]
[PlyCount "81"]
[EventDate "2000.06.19"]
[EventType "team-swiss"]
[EventRounds "7"]
[EventCountry "GER"]
[SourceTitle "EXT 2002"]
[Source "ChessBase"]
[SourceDate "2001.11.25"]
[SourceVersion "1"]
[SourceVersionDate "2001.11.25"]
[SourceQuality "1"]
[WhiteTeam "Luxembourg (USIC)"]
[BlackTeam "Italy (USIC)"]
[WhiteTeamCountry "LUX"]
[BlackTeamCountry "ITA"]

1. e4 c5 2. Nf3 Nc6 3. g3 d6 4. Bg2 Nf6 5. d3 g6 6. Bg5 Bg7 7. 0-0 0-0 8. Qd2 Re8 9. Nc3 a6 10. a4 Qc7 11. Bxf6 Bxf6 12. Nd5 Qd8 13. Nxf6+ exf6 14. Nh4 Nd4 15. Nf3 Nc6 16. c3 Be6 17. Qf4 Kg7 18. Rfe1 Ne5 19. Qe3 Qd7 20. Nd2 Bh3 21. f4 Nc6 22. Nc4 Rab8 23. Bxh3 Qxh3 24. Nxd6 Re7 25. Qxc5 h5 26. Qf2 Rd8 27. e5 fxe5 28. fxe5 h4 29. d4 hxg3 30. Qxg3 Qe6 31. Rf1 Rh8 32. Rf3 Nd8 33. Raf1 Rh5 34. Rf5 Kf8 35. Rxh5 gxh5 36. Rf5 Qa2 37. Rxh5 Re6 38. Rh8+ Ke7 39. Qg5+ Kd7 40. Qxd8+ Kc6 41. Qc8+ 1-0

[Event "EU-chT Railways USIC"]
[Site "Dresden"]
[Date "2000.06.21"]
[Round "2.6"]
[White "Tasonis, Panagiotis"]
[Black "Hoffmann, Roger"]
[Result "0-1"]
[WhiteElo "1745"]
[BlackElo "1520"]
[PlyCount "100"]
[EventDate "2000.06.19"]
[EventType "team-swiss"]
[EventRounds "7"]
[EventCountry "GER"]
[SourceTitle "EXT 2002"]
[Source "ChessBase"]
[SourceDate "2001.11.25"]
[SourceVersion "1"]
[SourceVersionDate "2001.11.25"]
[SourceQuality "1"]
[WhiteTeam "Greece (USIC)"]
[BlackTeam "Luxembourg (USIC)"]
[WhiteTeamCountry "GRE"]
[BlackTeamCountry "LUX"]

1. d4 Nf6 2. e3 c5 3. c3 d5 4. Bd3 Bg4 5. Nf3 e6 6. 0-0 Nc6 7. Nbd2 Be7 8. Qa4 c4 9. Bb1 0-0 10. b3 cxb3 11. axb3 Qc7 12. Ba3 Bxa3 13. Qxa3 e5 14. Qc1 e4 15. Ne1 Be2 16. Nc2 Ng4 17. g3 Bxf1 18. Qxf1 a6 19. c4 Qd6 20. Ne1 Nb4 21. cxd5 f5 22. Nc4 Qd8 23. Ng2 b5 24. Nd2 Nf6 25. Nf4 Qd6 26. Ne6 Rfc8 27. Nc5 Qxd5 28. Qe1 Rc6 29. Ndxe4 Nxe4 30. Bxe4 fxe4 31. Qxb4 Qg5 32. Qe1 h5 33. Qe2 Rf6 34. b4 Raf8 35. Ra2 Qd5 36. Rxa6 Rxa6 37. Nxa6 Ra8 38. Nc7 Ra1+ 39. Kg2 Qc4 40. Qxc4+ bxc4 41. Nd5 Rc1 42. b5 Rb1 43. Nc3 Rb3 44. Nxe4 c3 45. Nc5 Rxb5 46. Nd3 c2 47. e4 Rb3 48. Nc1 Rb1 49. Nd3 Rd1 50. Nb2 Rxd4 0-1